| 000 | 00530nam a2200193 a 4500 | ||
|---|---|---|---|
| 001 | 1569 | ||
| 003 | CDMR | ||
| 005 | 20131007104802.0 | ||
| 008 | 130130s1995||||||||||||||||||||||||||||d | ||
| 040 |
_aCDMR _bcat _cCDMR |
||
| 100 | 1 |
_aHernández Cabezas, Tomás _91175 |
|
| 245 | 1 | 0 |
_aHomenaje - Recuerdo _b: [Diario de Barcelona] |
| 260 |
_aBarcelona _c1995 _bGráficas Fomento |
||
| 300 | _a95 p. | ||
| 610 | 2 |
_92617 _aDiari de Barcelona |
|
| 650 | 0 | 4 |
_91509 _aPremsa _zBarcelona |
| 650 | 0 | 4 |
_94 _aPeriodistes catalans |
| 942 |
_cMON _2udc |
||
| 999 |
_c1569 _d1569 |
||